LIBRARY ONLINE CATALOGUE

Investing in development : (Record no. 5559)

MARC details
000 -LEADER
fixed length control field 00649cam a22002052 4500
001 - CONTROL NUMBER
control field 0000001975
005 - DATE AND TIME OF LATEST TRANSACTION
control field 20151217151835.0
008 - FIXED-LENGTH DATA ELEMENTS--GENERAL INFORMATION
fixed length control field 070329s xx 000 0 eng d
020 ## - INTERNATIONAL STANDARD BOOK NUMBER
International Standard Book Number 8178294591 :
Terms of availability KES 600
040 ## - CATALOGING SOURCE
Original cataloging agency KABU
Transcribing agency KABU
050 #0 - LIBRARY OF CONGRESS CALL NUMBER
Classification number HD82
Item number .U56
110 2# - MAIN ENTRY--CORPORATE NAME
Corporate name or jurisdiction name as entry element UN Millennium Project.
-- 0000151106
245 10 - TITLE STATEMENT
Title Investing in development :
Remainder of title a practical plan to achieve the millennium development goals: an overview.
260 ## - PUBLICATION, DISTRIBUTION, ETC. (IMPRINT)
Place of publication, distribution, etc. New York :
Name of publisher, distributor, etc. Millenium project,
Date of publication, distribution, etc. 2005.
300 ## - PHYSICAL DESCRIPTION
Extent xvi, 74 p.
650 #0 - SUBJECT ADDED ENTRY--TOPICAL TERM
Topical term or geographic name as entry element Economic development.
-- 0000150073
908 ## - PUT COMMAND PARAMETER (RLIN)
Put command parameter 070329
950 ## - LOCAL HOLDINGS (RLIN)
-- 1
Holdings
Withdrawn status Lost status Source of classification or shelving scheme Not for loan Home library Current library Date acquired Total Checkouts Full call number Barcode Date last seen Price effective from Koha item type
    Library of Congress Classification   Kabarak, Main Campus Kabarak, Main Campus 17/12/2015   HD82 .U56 000938 02/08/2024 17/12/2015 General Collection